000 00468nam a2200193Ia 4500
005 20240823021459.0
008 240823s9999||||xx |||||||||||||| ||und||
020 _a81-203-1180-9
041 _aENGLISH
082 _A658.4088 P6
100 _aSadagopan S
245 0 _aManagement Information Systems
250 _a1st
260 _c2006
_b"PHI,New "
_aNew Delhi
500 _aYES
650 _aInformation
_bManagement Studies
942 _cBK
999 _c177114
_d177114